| 000 -LEADER | |
|---|---|
| fixed length control field | 00407nam a22001697a 4500 |
| 005 - DATE AND TIME OF LATEST TRANSACTION | |
| control field | 20180424141801.0 |
| 008 - FIXED-LENGTH DATA ELEMENTS--GENERAL INFORMATION | |
| fixed length control field | 160520b xxu||||| |||| 00| 0 eng d |
| 020 ## - INTERNATIONAL STANDARD BOOK NUMBER | |
| ISBN | 978-93-5027-018-9 |
| 041 ## - LANGUAGE CODE | |
| Language code of text/sound track or separate title | eng |
| 082 ## - DEWEY DECIMAL CLASSIFICATION NUMBER | |
| Item number | 3531 |
| Classification number | 510 |
| 100 ## - MAIN ENTRY--AUTHOR NAME | |
| Personal name | Aggarwal RS |
| 245 ## - TITLE STATEMENT | |
| Title | Mathematics for Class 11 |
| 260 ## - PUBLICATION, DISTRIBUTION, ETC. (IMPRINT) | |
| Name of publisher | Bharti Bhawan Pub. |
| 300 ## - PHYSICAL DESCRIPTION | |
| Number of Pages | OQ-163 |
| 650 ## - SUBJECT ADDED ENTRY--TOPICAL TERM | |
| Topical Term | DIPLOMA ENGINEERING |
| 942 ## - ADDED ENTRY ELEMENTS (KOHA) | |
| Koha item type | Books |
| Lost status | Damaged status | Collection code | Home library | Current library | Shelving location | Date acquired | Cost, normal purchase price | Full call number | Accession Number | Koha item type |
|---|---|---|---|---|---|---|---|---|---|---|
| CS/IT | JRU Library | SHELF-57-B | 20/05/2016 | 310.00 | 510 | 3531 | Books | |||
| JRU Library | Shelf - 10 - N | 20/05/2016 | 310.00 | 510 | 3532 | Books | ||||
| JRU Library | Shelf - 10 - N | 20/05/2016 | 310.00 | 510 | 3533 | Books | ||||
| CS/IT | JRU Library | SHELF-57-B | 20/05/2016 | 310.00 | 510 | 3534 | Books | |||
| JRU Library | Shelf - 10 - N | 20/05/2016 | 310.00 | 510 | 3535 | Books | ||||
| CS/IT | JRU Library | SHELF-57-B | 20/05/2016 | 310.00 | 510 | 3536 | Books |